TENWEK HOSP HOME | SOC  | ASK A LIBRARIANSTAFF LOGIN  |  DIGITAL REPOSITORYe-BOOK PORTAL  |  OFF-CAMPUS PORTAL  |  DONATE
Normal view MARC view

Entry Personal Name

Number of records used in: 1

001 - CONTROL NUMBER

  • control field: 6183

003 - CONTROL NUMBER IDENTIFIER

  • control field: Ke-BoTe

005 - DATE AND TIME OF LATEST TRANSACTION

  • control field: 20220523112857.0

008 - FIXED-LENGTH DATA ELEMENTS

  • fixed length control field: 220523|| aca||aabn | a|a d

040 ## - CATALOGING SOURCE

  • Original cataloging agency: Ke-BoTe
  • Transcribing agency: Ke-BoTe

100 ## - HEADING--PERSONAL NAME

  • Personal name: Finley, John M.,
  • Dates associated with a name: 1946-

670 ## - SOURCE DATA FOUND

  • Source citation: Work cat.: (Ke-BoTe)3008: Finley, John M., 1946-, Practical wound management :, c1981.